000 00367nam a2200157Ia 4500
008 100122s9999 xx 000 0 und d
082 _b66858
_a823
100 _aGREENE GRAHAM
245 _aTHE QUIET AMERICAN
250 _a1
260 _bPENGUIN BOOKS
_c2002
300 _a189
630 _aTHE QUIET AMERICAN
730 _aTHE QUIET AMERICAN
942 _cBOOK
999 _c380670
_d380667